| 000 | 00830nam a2200289 a 4500 | ||
|---|---|---|---|
| 001 | 4515866 | ||
| 003 | OSt | ||
| 005 | 20140310181647.0 | ||
| 008 | 980817r19981970nyua b 000 1 eng | ||
| 010 | _a 98184623 | ||
| 020 | _a0140326715 | ||
| 040 |
_aDLC _cDLC |
||
| 042 | _alcac | ||
| 050 | 0 | 0 |
_aPZ 7 _b.D131 1970 |
| 082 | 0 | 0 |
_aKF _bD13f 1988 |
| 100 | 1 |
_aDahl, Roald _93827 |
|
| 245 | 1 | 0 |
_aFantastic Mr. Fox / _cRoald Dahl; illustrated by Tony Ross. |
| 260 |
_aEngland : _bPenguin Group, _cc1988. |
||
| 300 |
_a90 p. _bill. ; _c20 cm. |
||
| 541 | _j1 | ||
| 562 | _e1 | ||
| 650 | 1 |
_aFoxes _xFiction. _96323 |
|
| 700 | 1 |
_aBlake, Quentin, _eill. _96324 |
|
| 906 |
_a7 _bcbc _corignew _d2 _encip _f19 _gy-gencatlg |
||
| 942 |
_2lcc _cBK-KF _kKF |
||
| 999 |
_c928 _d928 |
||